000 00678nam a2200253Ia 4500
003 OSt
005 20220916111005.0
006 a|||||r|||| 00| 0
007 ta
008 220915b |||||||| |||| 00| 0 tel d
024 _a83,717
037 _cTextbook
040 _btel
_aARTS
_cARTS
041 _atel
082 _aO157,3M98,5, 35K0
100 _aTarashankar Au.
245 0 _aSaptapadi
260 _aVijayawada
_bDesi Kavita Mandali India
300 _a130p.
_ccm.
650 _aBENGALI LITERATURE
942 _hO157,3M98,5, 35K0
_cTB
_2CC
999 _c102842
_d102842